Największe miejscowośći w gminie Kruszwica - Statystyki

Ogólne statystyki
  • Ten quiz został rozwiązany 29 razy
    7 od ostatniego zresetowania
  • Średni wynik to 21 z 53
Statystyki odpowiedzi
Populacja Nazwa Miejscowośći % Poprawnych
8,709 Kruszwica
100%
251 Gocanowo
83%
639 Grodztwo
83%
514 Chełmce
67%
177 Chrosno
67%
696 Kobylniki
67%
632 Polanowice
67%
194 Racice
67%
485 Sukowy
67%
140 Tarnowo
67%
322 Bachorce
50%
93 Baranowo
50%
87 Bródzki
50%
144 Giżewo
50%
319 Janocin
50%
278 Lachmirowice
50%
175 Popowo
50%
71 Różniaty
50%
48 Rzepiszyn
50%
112 Rzepowo
50%
129 Słąbęcin
50%
471 Sławsk Wielki
50%
256 Szarlej
50%
252 Chełmiczki
33%
215 Gocanówko
33%
32 Janikowo
33%
117 Janowice
33%
231 Karczyn
33%
218 Kobylnica
33%
167 Ostrowo
33%
350 Piaski
33%
117 Rusinowo
33%
106 Sokolniki
33%
252 Tarnówko
33%
188 Wola Wapowska
33%
292 Brześć
17%
149 Głębokie
17%
253 Karsk
17%
15 Kicko
17%
43 Maszenice
17%
39 Mietlica
17%
140 Morgi
17%
102 Ostrówek
17%
68 Papros
17%
169 Piecki
17%
182 Skotniki
17%
100 Witowice
17%
125 Wróble
17%
47 Zaborowo
17%
188 Żerniki
17%
61 Złotowo
17%
229 Łagiewniki (Kruszwica)
0%
darmowa odpowiedz nic
0%
Nie znaleziono quizów pasujących do podanych kryteriów
Rozkład punktacji
Procent ludzi z każdym wynikiem
Percentyl według liczby udzielonych odpowiedzi
Twoja historia wyników
Nie rozwiązałeś tego quizu od ostatniego zresetowania